Elementary statistics a step by step approach
Salvato in:
| Autore principale: | |
|---|---|
| Natura: | Libro |
| Lingua: | inglese |
| Pubblicazione: |
McGraw Hill Education
2018
|
| Tags: |
Aggiungi Tag
Nessun Tag, puoi essere il primo ad aggiungerne!!
|
MARC
| LEADER | 00000nam a22000007a 4500 | ||
|---|---|---|---|
| 008 | 210726b ||||| |||| 00| 0 eng d | ||
| 020 | |a 978125992201 | ||
| 100 | |a BLUMAN Allan G. | ||
| 245 | |a Elementary statistics |b a step by step approach |c Allah G. Bluman |g XXIII | ||
| 250 | |b 10th ed. | ||
| 260 | |b McGraw Hill Education |c 2018 |h New York |i 296257 |i 296285 |l QA 276 . 12B62 |m Statistics ... Textbooks |m Mathematics | ||
| 500 | |a It includes index | ||
| 942 | |a lcc |c BK |e ADEYEYE Y. S. |f 26 - 07 2021 | ||
| 952 | |0 0 |1 0 |2 lcc |4 0 |6 QA027612 B62 |7 0 |9 2833 |a HOL |b SL |c QZ |d 2021-07-26 |l 0 |o QA 276 . 12B62 |p 2021-66495 |r 2021-07-26 00:00:00 |w 2021-07-26 |y BK | ||
| 952 | |0 0 |1 0 |2 lcc |4 0 |6 QA027612 B62 |7 0 |9 2834 |a HOL |b SL |c QZ |d 2021-07-26 |l 0 |o QA 276 . 12B62 |p 2021-66496 |r 2021-07-26 00:00:00 |w 2021-07-26 |y BK | ||
| 999 | |c 1470 |d 1470 | ||